|
|
|
|
| LEADER |
00000cas a2200000 a 4500 |
| 001 |
vtls008688922 |
| 003 |
SK-MaSNL |
| 005 |
20260228155854.0 |
| 008 |
060406c19449999yu wr|p 0 b0slo c |
| 022 |
|
|
|a 0018-2869
|
| 035 |
|
|
|a (SVKBB03)vtls000115049
|
| 040 |
|
|
|a SNK
|b slo
|c SNK
|e AACR2
|
| 041 |
0 |
|
|a slo
|
| 043 |
|
|
|a e-rb---
|
| 044 |
|
|
|a yu
|c YU
|
| 080 |
|
|
|a 050
|2 2001
|
| 080 |
|
|
|a (=162.4)
|2 2001
|
| 080 |
|
|
|a 32.019.5
|2 2001
|
| 080 |
|
|
|a 394
|2 2001
|
| 080 |
|
|
|a (497.11)
|2 2001
|
| 245 |
0 |
0 |
|a Hlas ľudu
|b informačno-politický týždenník
|
| 246 |
1 |
3 |
|a Hlas ľudu
|b Orgán národného frontu Vojvodiny pre Slovákov
|f 1945-
|
| 246 |
1 |
3 |
|a Hlas ľudu
|b Orgán jednotného frontu Vojvodiny pre Slovákov
|f 1944-1945
|
| 260 |
|
|
|a Báčsky Petrovec
|b Národný front Vojvodiny
|c 1944-1966
|
| 260 |
3 |
|
|3 1953 -
|a Novi Sad
|b Novinovo-vydavateľská ustanovizeň Hlas ľudu
|
| 300 |
|
|
|a zv.
|b ilustr.
|c 30 cm
|
| 310 |
|
|
|a 1x týždenne
|
| 362 |
0 |
|
|a Roč. 1, č. 1 (19.10.1944)-
|
| 500 |
|
|
|a Popis podľa: Roč. 63, č. 1 = 4160 (2006)
|
| 500 |
|
|
|a V roku 2019 č. 1 má uvedený roč. 75
|
| 500 |
|
|
|a V roku 2021 č. 1 má uvedený ročník 77, v dňoch 1.5.-8.5.2021 vyšlo č. 17-18 a malo byť 18-19, číslo 17 vyšlo 2-krát
|
| 500 |
|
|
|a V roku 1944 má názov Zvesti
|
| 525 |
|
|
|a Má prílohy - návrhy štatútov, rezolúcií, zákonov a pod.
|
| 525 |
|
|
|a Súčasťou časopisu je príloha: Poľnohospodárske rozhľady. Samostatne nevychádza. Má vlastné číslovanie
|
| 525 |
|
|
|a Súčasťou časopisu je príloha: Mozaika. Samostatne nevychádza. Má vlastné číslovanie
|
| 525 |
|
|
|a Súčasťou časopisu je príloha: Obzory. Samostatne nevychádza. Má vlastné číslovanie
|
| 650 |
0 |
7 |
|a Slováci v zahraničí
|2 SNKPH
|9 14695
|
| 651 |
|
7 |
|a Srbsko
|2 SNKPH
|9 31535
|
| 655 |
|
7 |
|a krajanské periodiká
|2 SNKPH
|9 110004
|
| 770 |
0 |
|
|t Panorama (Novi Sad)
|
| 856 |
4 |
|
|u htttp://www.hl.rs
|
| 910 |
|
|
|a snk
|
| 999 |
|
|
|c 784
|d 784
|
| 952 |
|
|
|t č. 1 - 25, ch. č. 5., neúpl., 1.
|a SNK
|b SNK
|y PREZ
|7 0
|p 17A0642758
|o snkČSA 627/35/1978/1
|i snkV 3079/81
|8 2
|0 0
|1 0
|4 0
|d 2010-02-03
|l 0
|r 2026-02-21 19:31:28
|w 2026-02-21
|
| 952 |
|
|
|t č. 27-52
|a SNK
|b SNK
|y PREZ
|7 0
|p 17A0652789
|o snkČSA 627/41/1984/2
|i snkV 3681/85
|8 2
|0 0
|1 0
|4 0
|d 2010-03-26
|l 0
|r 2026-02-21 19:32:03
|w 2026-02-21
|
| 952 |
|
|
|t č. 26-51
|a SNK
|b SNK
|y PREZ
|7 0
|p 17A0652773
|o snkČSA 627/26/1978/2
|i snkV 309/80
|8 2
|0 0
|1 0
|4 0
|d 2010-03-26
|l 0
|r 2026-02-21 19:32:03
|w 2026-02-21
|
| 952 |
|
|
|t č. 1-13
|a SNK
|b SNK
|y PREZ
|7 0
|p 17A0870182
|o snkČSA 627/70/2013/1
|i snk2014/19709
|8 2
|0 0
|1 0
|4 0
|d 2014-09-26
|l 0
|r 2026-02-21 19:34:00
|w 2026-02-21
|
| 952 |
|
|
|t č. 14-26
|a SNK
|b SNK
|y PREZ
|7 0
|p 17A0870183
|o snkČSA 627/70/2013/2
|i snk2014/19710
|8 2
|0 0
|1 0
|4 0
|d 2014-09-26
|l 0
|r 2026-02-21 19:34:00
|w 2026-02-21
|
| 952 |
|
|
|t č. 27-39
|a SNK
|b SNK
|y PREZ
|7 0
|p 17A0870184
|o snkČSA 627/70/2013/3
|i snk2014/19711
|8 2
|0 0
|1 0
|4 0
|d 2014-09-26
|l 0
|r 2026-02-21 19:34:00
|w 2026-02-21
|
| 952 |
|
|
|t č. 40-52, neúplné
|a SNK
|b SNK
|y PREZ
|7 0
|p 17A0870185
|o snkČSA 627/70/2013/4
|i snk2014/19712
|8 2
|z Chýba č. 43, 45
|0 0
|1 0
|4 0
|d 2014-09-26
|l 0
|r 2026-02-21 19:34:00
|w 2026-02-21
|
| 952 |
|
|
|t č. 1-26, neúplné
|a SNK
|b SNK
|y PREZ
|7 0
|p 17A0635358
|o snkČSA 627/61/2004/1
|i snk2010/2938
|8 2
|z Chýba č. 8,18,19,22-24.
|0 0
|1 0
|4 0
|d 2010-02-12
|l 0
|r 2026-02-21 19:42:41
|w 2026-02-21
|
| 952 |
|
|
|t č. 27-52, neúplné
|a SNK
|b SNK
|y PREZ
|7 0
|p 17A0635359
|o snkČSA 627/61/2004/2
|i snk2010/2939
|8 2
|z Chýba č. 32.
|0 0
|1 0
|4 0
|d 2010-02-12
|l 0
|r 2026-02-21 19:42:41
|w 2026-02-21
|
| 952 |
|
|
|t č. 5,47,49 neúplné
|a SNK
|b SNK
|y PREZ
|7 0
|p 17A0870256
|o snkČSA 627/68/2011 D1
|i snk2014/21712
|8 2
|z chýba č. 1-4, 8-46, 48, 50-52
|0 0
|1 0
|4 0
|d 2014-10-14
|l 0
|r 2026-02-21 19:44:57
|w 2026-02-21
|
| 952 |
|
|
|t sú č. 5-8, 11
|a SNK
|b SNK
|y PREZ
|7 0
|p 17A0870257
|o snkČSA 627/69/2012 D1
|i snk2014/21716
|8 2
|z Chýba č. 1-4, 9-10, 12-52
|0 0
|1 0
|4 0
|d 2014-10-14
|l 0
|r 2026-02-21 19:44:57
|w 2026-02-21
|
| 952 |
|
|
|t č. 26-52, neúplné
|a SNK
|b SNK
|y PREZ
|7 0
|p 17A0498218
|o snkČSA 627/59/2002/2
|i snk510/23
|z Chýba č. 1, 2, 5, 29, 33
|3 rekatalogizácia
|0 0
|1 0
|4 0
|d 2006-03-03
|l 0
|r 2026-02-21 19:46:59
|w 2026-02-21
|
| 952 |
|
|
|t č. 1-13, neúplné
|a SNK
|b SNK
|y PREZ
|7 0
|p 17A1555590
|o snkČSA 627/80/2023/1
|i snk2025/939
|8 2
|z Chýba č. 7-8
|0 0
|1 0
|4 0
|d 2025-01-23
|l 0
|r 2026-02-21 19:49:46
|w 2026-02-21
|
| 952 |
|
|
|t č. 14-26
|a SNK
|b SNK
|y PREZ
|7 0
|p 17A1555591
|o snkČSA 627/80/2023/2
|i snk2025/940
|8 2
|0 0
|1 0
|4 0
|d 2025-01-23
|l 0
|r 2026-02-21 19:49:46
|w 2026-02-21
|
| 952 |
|
|
|t č. 27-40, neúplné
|a SNK
|b SNK
|y PREZ
|7 0
|p 17A1555592
|o snkČSA 627/80/2023/3
|i snk2025/943
|8 2
|z Chýba č. 28
|0 0
|1 0
|4 0
|d 2025-01-23
|l 0
|r 2026-02-21 19:49:46
|w 2026-02-21
|
| 952 |
|
|
|t č. 41-52 + príl.
|a SNK
|b SNK
|y PREZ
|7 0
|p 17A1555593
|o snkČSA 627/80/2023/4
|i snk2025/952
|8 2
|z Príl.: Ľudová architektúra (v č. 51-52)
|0 0
|1 0
|4 0
|d 2025-01-23
|l 0
|r 2026-02-21 19:49:46
|w 2026-02-21
|
| 952 |
|
|
|t č. 1-14
|a SNK
|b SNK
|y PREZ
|7 0
|p 17A1522040
|o snkČSA 627/78/2021/1
|i snk2023/17551
|8 2
|0 0
|1 0
|4 0
|d 2023-12-01
|l 0
|r 2026-02-21 19:52:55
|w 2026-02-21
|
| 952 |
|
|
|t č. 15-26, neúplné
|a SNK
|b SNK
|y PREZ
|7 0
|p 17A1522041
|o snkČSA 627/78/2021/2
|i snk2023/17553
|8 2
|z Chýba č. 26
|0 0
|1 0
|4 0
|d 2023-12-01
|l 0
|r 2026-02-21 19:52:55
|w 2026-02-21
|
| 952 |
|
|
|t č. 27-39
|a SNK
|b SNK
|y PREZ
|7 0
|p 17A1522042
|o snkČSA 627/78/2021/3
|i snk2023/17554
|8 2
|0 0
|1 0
|4 0
|d 2023-12-01
|l 0
|r 2026-02-21 19:52:55
|w 2026-02-21
|
| 952 |
|
|
|t č. 40-52, neúplné
|a SNK
|b SNK
|y PREZ
|7 0
|p 17A1522043
|o snkČSA 627/78/2021/4
|i snk2023/17556
|8 2
|z Chýba č. 44, 45
|0 0
|1 0
|4 0
|d 2023-12-01
|l 0
|r 2026-02-21 19:52:55
|w 2026-02-21
|
| 952 |
|
|
|t č. 1-14
|a SNK
|b SNK
|y PREZ
|7 0
|p 17A1460780
|o snkČSA 627/76/2019/1
|i snk2021/14854
|8 2
|0 0
|1 0
|4 0
|d 2021-10-07
|l 0
|r 2026-02-21 19:53:00
|w 2026-02-21
|
| 952 |
|
|
|t č. 15-26
|a SNK
|b SNK
|y PREZ
|7 0
|p 17A1460781
|o snkČSA 627/76/2019/2
|i snk2021/14856
|8 2
|0 0
|1 0
|4 0
|d 2021-10-07
|l 0
|r 2026-02-21 19:53:00
|w 2026-02-21
|
| 952 |
|
|
|t č. 27-39
|a SNK
|b SNK
|y PREZ
|7 0
|p 17A1460782
|o snkČSA 627/76/2019/3
|i snk2021/14858
|8 2
|0 0
|1 0
|4 0
|d 2021-10-07
|l 0
|r 2026-02-21 19:53:00
|w 2026-02-21
|
| 952 |
|
|
|t č. 40-52, neúplné
|a SNK
|b SNK
|y PREZ
|7 0
|p 17A1460783
|o snkČSA 627/76/2019/4
|i snk2021/14860
|8 2
|z Chýba č. 50
|0 0
|1 0
|4 0
|d 2021-10-07
|l 0
|r 2026-02-21 19:53:00
|w 2026-02-21
|
| 952 |
|
|
|t č. 1-30
|a SNK
|b SNK
|y PREZ
|7 0
|p 17A0661174
|o snkČSA 627/66/2009/1
|i snk2010/15604
|8 2
|0 0
|1 0
|4 0
|d 2010-07-23
|l 0
|r 2026-02-21 19:53:43
|w 2026-02-21
|
| 952 |
|
|
|t č. 31-52
|a SNK
|b SNK
|y PREZ
|7 0
|p 17A0661175
|o snkČSA 627/66/2009/2
|i snk2010/15605
|8 2
|0 0
|1 0
|4 0
|d 2010-07-23
|l 0
|r 2026-02-21 19:53:43
|w 2026-02-21
|
| 952 |
|
|
|t č. 1-26, neúplné
|a SNK
|b SNK
|y PREZ
|7 0
|p 17A1556811
|o snkČSA 627/62/2005/1 D1
|i snk2025/10114
|8 1
|z Chýba č. 6
|0 0
|1 0
|4 0
|d 2025-06-26
|l 0
|r 2026-02-21 19:57:48
|w 2026-02-21
|
| 952 |
|
|
|t č. 27-52, neúplné
|a SNK
|b SNK
|y PREZ
|7 0
|p 17A1556812
|o snkČSA 627/62/2005/2 D1
|i snk2025/10116
|8 1
|z Chýba č. 43,48 ; ; V č. 33 je osobitná príloha Slovenské národné slávnosti
|0 0
|1 0
|4 0
|d 2025-06-26
|l 0
|r 2026-02-21 19:57:50
|w 2026-02-21
|
| 952 |
|
|
|t č. 1-52, neúplné
|a SNK
|b SNK
|y PREZ
|7 0
|p 17A1556813
|o snkČSA 627/57/2000 D1
|i snkČV 1210/2002
|8 2
|z Chýba č. 1-35, 37-48, 50-52
|0 0
|1 0
|4 0
|d 2025-06-26
|l 0
|r 2026-02-21 19:57:50
|w 2026-02-21
|
| 952 |
|
|
|t č. 1-51, neúplné
|a SNK
|b SNKPULT
|y PREZ
|7 0
|p 17A1557243
|o snkČSA 627/50/1993 D1
|i snkČV 602/95
|z Chýba č. 7, 15-25, 27-31, 33-51
|0 0
|1 0
|4 0
|d 2025-06-26
|l 0
|r 2026-04-10 13:34:33
|w 2026-02-21
|
| 952 |
|
|
|t č. 35-68
|a SNK
|b SNK
|y PREZ
|7 0
|p 17A0771347
|o snkČSA 627/14/1957/2
|i snkF 5279/77
|8 5
|0 0
|1 0
|4 0
|d 2022-02-04
|l 0
|r 2026-02-21 19:59:29
|w 2026-02-21
|
| 952 |
|
|
|t č. 1-34, neúplné
|a SNK
|b SNK
|y PREZ
|7 0
|p 17A0771346
|o snkČSA 627/14/1957/1
|i snkF 5280/77
|8 5
|z Chýba č. 16, 30
|0 0
|1 0
|4 0
|d 2022-02-04
|l 0
|r 2026-02-21 19:59:29
|w 2026-02-21
|
| 952 |
|
|
|t č. 52-101
|a SNK
|b SNK
|y PREZ
|7 0
|p 17A0771345
|o snkČSA 627/13/1956/2
|i snkF 5281/77
|8 5
|0 0
|1 0
|4 0
|d 2022-02-04
|l 0
|r 2026-02-21 19:59:29
|w 2026-02-21
|
| 952 |
|
|
|t č. 1-51
|a SNK
|b SNK
|y PREZ
|7 0
|p 17A0771375
|o snkČSA 627/13/1956/1
|i snkF 5282/77
|8 5
|0 0
|1 0
|4 0
|d 2022-02-04
|l 0
|r 2026-02-21 19:59:29
|w 2026-02-21
|
| 952 |
|
|
|t č. 51-101
|a SNK
|b SNK
|y PREZ
|7 0
|p 17A0771349
|o snkČSA 627/[17]/1960/2
|i snkF 5275/77
|8 5
|0 0
|1 0
|4 0
|d 2022-02-04
|l 0
|r 2026-02-21 19:59:29
|w 2026-02-21
|
| 952 |
|
|
|t č. 1-50
|a SNK
|b SNK
|y PREZ
|7 0
|p 17A0771381
|o snkČSA 627/[17]/1960/1
|i snkF 5276/77
|8 5
|z chýba č. 6
|0 0
|1 0
|4 0
|d 2022-02-04
|l 0
|r 2026-02-21 19:59:29
|w 2026-02-21
|
| 952 |
|
|
|t č. 70-101
|a SNK
|b SNK
|y PREZ
|7 0
|p 17A0771348
|o snkČSA 627/14/1957/3
|i snkF 5278/77
|8 5
|0 0
|1 0
|4 0
|d 2022-02-04
|l 0
|r 2026-02-21 19:59:29
|w 2026-02-21
|
| 952 |
|
|
|t č. 1-14 + príl.
|a SNK
|b SNK
|y PREZ
|7 0
|p 17A1522436
|o snkČSA 627/79/2022/1
|i snk2024/7368
|8 2
|z Príl: nástenný kalendár 2022
|0 0
|1 0
|4 0
|d 2024-05-07
|l 0
|r 2026-02-21 20:00:57
|w 2026-02-21
|
| 952 |
|
|
|t č. 15-26
|a SNK
|b SNK
|y PREZ
|7 0
|p 17A1522437
|o snkČSA 627/79/2022/2
|i snk2024/7372
|8 2
|0 0
|1 0
|4 0
|d 2024-05-07
|l 0
|r 2026-02-21 20:00:57
|w 2026-02-21
|
| 952 |
|
|
|t č. 27-39
|a SNK
|b SNK
|y PREZ
|7 0
|p 17A1522438
|o snkČSA 627/79/2022/3
|i snk2024/7374
|8 2
|0 0
|1 0
|4 0
|d 2024-05-07
|l 0
|r 2026-02-21 20:00:57
|w 2026-02-21
|
| 952 |
|
|
|t č. 40-52
|a SNK
|b SNK
|y PREZ
|7 0
|p 17A1522439
|o snkČSA 627/79/2022/4
|i snk2024/7375
|8 2
|0 0
|1 0
|4 0
|d 2024-05-07
|l 0
|r 2026-02-21 20:00:57
|w 2026-02-21
|
| 952 |
|
|
|t č. 15-26
|a SNK
|b SNK
|y PREZ
|7 0
|p 17A1462739
|o snkČSA 627/77/2020/2
|i snk2022/6181
|8 2
|0 0
|1 0
|4 0
|d 2022-04-26
|l 0
|r 2026-02-21 20:03:26
|w 2026-02-21
|
| 952 |
|
|
|t č. 27-39
|a SNK
|b SNK
|y PREZ
|7 0
|p 17A1462740
|o snkČSA 627/77/2020/3
|i snk2022/6182
|8 2
|0 0
|1 0
|4 0
|d 2022-04-26
|l 0
|r 2026-02-21 20:03:26
|w 2026-02-21
|
| 952 |
|
|
|t č. 40-52
|a SNK
|b SNK
|y PREZ
|7 0
|p 17A1462741
|o snkČSA 627/77/2020/4
|i snk2022/6183
|8 2
|0 0
|1 0
|4 0
|d 2022-04-26
|l 0
|r 2026-02-21 20:03:26
|w 2026-02-21
|
| 952 |
|
|
|t č. 1-14
|a SNK
|b SNK
|y PREZ
|7 0
|p 17A1462738
|o snkČSA 627/77/2020/1
|i snk2022/6178
|8 2
|0 0
|1 0
|4 0
|d 2022-04-26
|l 0
|r 2026-02-21 20:03:43
|w 2026-02-21
|
| 952 |
|
|
|a SNK
|b SNK
|y PREZ
|7 0
|p 17A0330154
|o snkČSA 627/26/1/1969
|0 0
|1 0
|4 0
|d 2002-01-23
|l 0
|r 2005-01-02 00:00:00
|w 2026-02-21
|
| 952 |
|
|
|t č. 1-26, neúplné
|a SNK
|b SNK
|y PREZ
|7 0
|p 17A0574491
|o snkČSA 627/60/2003/1
|i snk2008/11264
|8 2
|z Chýba č. 12.
|0 0
|1 0
|4 0
|d 2008-05-27
|l 0
|r 2026-02-21 20:21:56
|w 2026-02-21
|
| 952 |
|
|
|a SNK
|b SNK
|y PREZ
|7 0
|p 17A0077985
|o snkČSA 627/45/1988/1 D1
|i snkD 942/97
|8 1
|0 0
|1 0
|4 0
|d 1997-07-31
|l 0
|r 2005-01-02 00:00:00
|w 2026-02-21
|
| 952 |
|
|
|t č. 11-50, neúplné
|a SNK
|b SNKPULT
|y PREZ
|7 0
|p 17A0747480
|o snkČSA 627/47/1990 D1
|i snkČV 4160/93
|8 2
|0 0
|1 0
|4 0
|d 2011-11-03
|l 0
|r 2026-04-10 13:34:39
|w 2026-02-21
|
| 952 |
|
|
|t č. 6-49, neúplné
|a SNK
|b SNKPULT
|y PREZ
|7 0
|p 17A1348997
|o snkČSA 627/48/1991 D1
|i snkČV 4162/93
|8 2
|0 0
|1 0
|4 0
|d 2011-11-03
|l 0
|r 2026-04-10 13:33:18
|w 2026-02-21
|
| 952 |
|
|
|t č. 26-50
|a SNK
|b SNK
|y PREZ
|7 0
|p 17A0747622
|o snkČSA 627/43/1986/2
|i snkČV 1470/88
|8 2
|0 0
|1 0
|4 0
|d 2011-11-03
|l 0
|r 2026-02-21 20:29:37
|w 2026-02-21
|
| 952 |
|
|
|t č. 1-25
|a SNK
|b SNK
|y PREZ
|7 0
|p 17A0747623
|o snkČSA 627/43/1986/1
|i snkČV1469/88
|8 2
|0 0
|1 0
|4 0
|d 2011-11-03
|l 0
|r 2026-02-21 20:29:38
|w 2026-02-21
|
| 952 |
|
|
|t č. 1-13
|a SNK
|b SNK
|y PREZ
|7 0
|p 17A0868991
|o snkČSA 627/68/2011/1
|i snk2013/10555
|8 2
|0 0
|1 0
|4 0
|d 2013-05-10
|l 0
|r 2026-02-21 20:31:08
|w 2026-02-21
|
| 952 |
|
|
|t č. 14-26, neúplné
|a SNK
|b SNK
|y PREZ
|7 0
|p 17A0868992
|o snkČSA 627/68/2011/2
|i snk2013/10560
|8 2
|z Chýba č. 15
|0 0
|1 0
|4 0
|d 2013-05-10
|l 0
|r 2026-02-21 20:31:08
|w 2026-02-21
|
| 952 |
|
|
|t č. 27-39
|a SNK
|b SNK
|y PREZ
|7 0
|p 17A0868993
|o snkČSA 627/68/2011/3
|i snk2013/10563
|8 2
|0 0
|1 0
|4 0
|d 2013-05-10
|l 0
|r 2026-02-21 20:31:11
|w 2026-02-21
|
| 952 |
|
|
|t č. 40-52
|a SNK
|b SNK
|y PREZ
|7 0
|p 17A0868994
|o snkČSA 627/68/2011/4
|i snk2013/10567
|8 2
|0 0
|1 0
|4 0
|d 2013-05-10
|l 0
|r 2026-02-21 20:31:11
|w 2026-02-21
|
| 952 |
|
|
|t č. 1-13
|a SNK
|b SNK
|y PREZ
|7 0
|p 17A0868995
|o snkČSA 627/69/2012/1
|i snk2013/10575
|8 2
|0 0
|1 0
|4 0
|d 2013-05-10
|l 0
|r 2026-02-21 20:31:11
|w 2026-02-21
|
| 952 |
|
|
|t č. 14-26
|a SNK
|b SNK
|y PREZ
|7 0
|p 17A0868996
|o snkČSA 627/69/2012/2
|i snk2013/10580
|8 2
|0 0
|1 0
|4 0
|d 2013-05-10
|l 0
|r 2026-02-21 20:31:11
|w 2026-02-21
|
| 952 |
|
|
|t č. 27-39
|a SNK
|b SNK
|y PREZ
|7 0
|p 17A0868997
|o snkČSA 627/69/2012/3
|i snk2013/10583
|8 2
|0 0
|1 0
|4 0
|d 2013-05-10
|l 0
|r 2026-02-21 20:31:11
|w 2026-02-21
|
| 952 |
|
|
|t č. 40-52
|a SNK
|b SNK
|y PREZ
|7 0
|p 17A0868998
|o snkČSA 627/69/2012/4
|i snk2013/10584
|8 2
|0 0
|1 0
|4 0
|d 2013-05-10
|l 0
|r 2026-02-21 20:31:11
|w 2026-02-21
|
| 952 |
|
|
|a SNK
|b SNK
|y PREZ
|7 0
|p 17A0109535
|o snkČSA 627/42/1985/1
|0 0
|1 0
|4 0
|d 1997-11-20
|l 0
|r 2005-01-02 00:00:00
|w 2026-02-21
|
| 952 |
|
|
|t č. 1-58, neúplné
|a SNK
|b SNK
|y PREZ
|7 0
|p 17A0568477
|o snkČSA 627/25/1968
|i snkK 1008/69
|z Chýba č. 42
|0 0
|1 0
|4 0
|d 2008-02-05
|l 0
|r 2026-02-21 20:38:50
|w 2026-02-21
|
| 952 |
|
|
|t č. 1 - 52
|a SNK
|b SNK
|y PREZ
|7 0
|p 17A0568075
|o snkČSA 627/47/1990
|i snkČV 5267/91
|8 2
|0 0
|1 0
|4 0
|d 2008-02-06
|l 0
|r 2026-02-21 20:39:03
|w 2026-02-21
|
| 952 |
|
|
|t č. 1-26
|a SNK
|b SNK
|y PREZ
|7 0
|p 17A0869030
|o snkČSA 627/67/2010/1
|i snk2013/12670
|8 2
|0 0
|1 0
|4 0
|d 2013-06-04
|l 0
|r 2026-02-21 20:41:25
|w 2026-02-21
|
| 952 |
|
|
|t č. 27-52
|a SNK
|b SNK
|y PREZ
|7 0
|p 17A0869031
|o snkČSA 627/67/2010/2
|i snk2013/12674
|8 2
|0 0
|1 0
|4 0
|d 2013-06-04
|l 0
|r 2026-02-21 20:41:26
|w 2026-02-21
|
| 952 |
|
|
|a SNK
|b SNK
|y PREZ
|7 0
|p 17A0309776
|o snkČSA 627/5/1948
|0 0
|1 0
|4 0
|d 2001-08-02
|l 0
|r 2005-01-02 00:00:00
|w 2026-02-21
|
| 952 |
|
|
|a SNK
|b SNK
|y PREZ
|7 0
|p 17A0309717
|o snkČSA 627/1/1944
|0 0
|1 0
|4 0
|d 2001-08-02
|l 0
|r 2005-01-02 00:00:00
|w 2026-02-21
|
| 952 |
|
|
|t č. 1-26
|a SNK
|b SNK
|y PREZ
|7 0
|p 17A0394008
|o snkČSA 627/36/1979/1
|i snkV 3080/81
|8 2
|0 0
|1 0
|4 0
|d 2003-08-18
|l 0
|r 2005-01-02 00:00:00
|w 2026-02-21
|
| 952 |
|
|
|t č. 28-50
|a SNK
|b SNK
|y PREZ
|7 0
|p 17A0394007
|o snkČSA 627/36/1979/2
|i snkV 3081/81
|8 2
|0 0
|1 0
|4 0
|d 2003-08-18
|l 0
|r 2005-01-02 00:00:00
|w 2026-02-21
|
| 952 |
|
|
|a SNK
|b SNK
|y PREZ
|7 0
|p 17A0425777
|o snkČSA 627/15/1958
|i snkF 5027/78
|8 5
|0 0
|1 0
|4 0
|d 2004-04-21
|l 0
|r 2005-01-02 00:00:00
|w 2026-02-21
|
| 952 |
|
|
|a SNK
|b SNK
|y PREZ
|7 0
|p 17A0425775
|o snkČSA 627/22/1965
|i snkK 1231/66
|8 3
|0 0
|1 0
|4 0
|d 2004-04-21
|l 0
|r 2005-01-02 00:00:00
|w 2026-02-21
|
| 952 |
|
|
|t č. 26-52
|a SNK
|b SNK
|y PREZ
|7 0
|p 17A0585649
|o snkČSA 627/45/1988/2
|i snkČV 4204/90
|8 2
|0 0
|1 0
|4 0
|d 2008-04-01
|l 0
|r 2026-02-21 21:01:09
|w 2026-02-21
|
| 952 |
|
|
|t č. 1-58
|a SNK
|b SNK
|y PREZ
|7 0
|p 17A0585774
|o snkČSA 627/25/1968 D1
|i snkK 1009/69
|8 3
|3 rekatalogizácia
|0 0
|1 0
|4 0
|d 2008-04-02
|l 0
|r 2026-02-21 21:01:09
|w 2026-02-21
|
| 952 |
|
|
|t č. 1-26
|a SNK
|b SNK
|y PREZ
|7 0
|p 17A0609486
|o snkČSA 627/65/2008/1
|i snk2009/11414
|8 2
|0 0
|1 0
|4 0
|d 2009-06-23
|l 0
|r 2026-02-21 21:01:49
|w 2026-02-21
|
| 952 |
|
|
|t č. 27-52
|a SNK
|b SNK
|y PREZ
|7 0
|p 17A0609487
|o snkČSA 627/65/2008/2
|i snk2009/11416
|8 2
|0 0
|1 0
|4 0
|d 2009-06-23
|l 0
|r 2026-02-21 21:01:50
|w 2026-02-21
|
| 952 |
|
|
|t č. 26-50
|a SNK
|b SNK
|y PREZ
|7 0
|p 17A0330312
|o snkČSA 627/26/1969/2
|0 0
|1 0
|4 0
|d 2002-01-25
|l 0
|r 2005-01-02 00:00:00
|w 2026-02-21
|
| 952 |
|
|
|a SNK
|b SNK
|y PREZ
|7 0
|p 17A0351761
|o snkČSA 627/37/1980/1
|i snkV 2509/83
|0 0
|1 0
|4 0
|d 2005-02-15
|l 0
|r 2026-02-21 21:10:31
|w 2026-02-21
|
| 952 |
|
|
|a SNK
|b SNK
|y PREZ
|7 0
|p 17A0560731
|o snkČSA 627/45/1988/1
|i snkČV 4203/90
|0 0
|1 0
|4 0
|d 2007-10-05
|l 0
|r 2026-02-21 21:11:56
|w 2026-02-21
|
| 952 |
|
|
|t č. 27-52, neúplné
|a SNK
|b SNK
|y PREZ
|7 0
|p 17A0574492
|o snkČSA 627/60/2003/2
|i snk2008/11265
|8 2
|z Chýba č. 34,50.
|0 0
|1 0
|4 0
|d 2008-05-27
|l 0
|r 2026-02-21 21:12:13
|w 2026-02-21
|
| 952 |
|
|
|t č. 1-26 + príl.
|a SNK
|b SNK
|y PREZ
|7 0
|p 17A0574988
|o snkČSA 627/62/2005/1
|i snk2008/11402
|8 2
|0 0
|1 0
|4 0
|d 2008-05-28
|l 0
|r 2026-02-21 21:12:28
|w 2026-02-21
|
| 952 |
|
|
|t č. 27-52
|a SNK
|b SNK
|y PREZ
|7 0
|p 17A0574989
|o snkČSA 627/62/2005/2
|i snk2008/11403
|8 2
|0 0
|1 0
|4 0
|d 2008-05-28
|l 0
|r 2026-02-21 21:12:28
|w 2026-02-21
|
| 952 |
|
|
|t č. 1-26 + príl.
|a SNK
|b SNK
|y PREZ
|7 0
|p 17A0574990
|o snkČSA 627/63/2006/1
|i snk2008/11404
|8 2
|0 0
|1 0
|4 0
|d 2008-05-28
|l 0
|r 2026-02-21 21:12:28
|w 2026-02-21
|
| 952 |
|
|
|t č. 27-52
|a SNK
|b SNK
|y PREZ
|7 0
|p 17A0574991
|o snkČSA 627/63/2006/2
|i snk2008/11405
|8 2
|0 0
|1 0
|4 0
|d 2008-05-28
|l 0
|r 2026-02-21 21:12:28
|w 2026-02-21
|
| 952 |
|
|
|t č. 1-26 + príl.
|a SNK
|b SNK
|y PREZ
|7 0
|p 17A0574992
|o snkČSA 627/64/2007/1
|i snk2008/11406
|8 2
|0 0
|1 0
|4 0
|d 2008-05-28
|l 0
|r 2026-02-21 21:12:28
|w 2026-02-21
|
| 952 |
|
|
|t č. 27-52 + príl.
|a SNK
|b SNK
|y PREZ
|7 0
|p 17A0574993
|o snkČSA 627/64/2007/2
|i snk2008/11407
|8 2
|0 0
|1 0
|4 0
|d 2008-05-28
|l 0
|r 2026-02-21 21:12:28
|w 2026-02-21
|
| 952 |
|
|
|t č. 1-14
|a SNK
|b SNK
|y PREZ
|7 0
|p 17A1556807
|o snkČSA 627/81/2024/1
|i snk2025/10101
|8 2
|z V č. 13-14 osobitná príloha Veľkonočný kaleidoskop
|0 0
|1 0
|4 0
|d 2025-06-25
|l 0
|r 2026-02-21 21:21:40
|w 2026-02-21
|
| 952 |
|
|
|t č. 15-26
|a SNK
|b SNK
|y PREZ
|7 0
|p 17A1556808
|o snkČSA 627/81/2024/2
|i snk2025/10104
|8 2
|0 0
|1 0
|4 0
|d 2025-06-25
|l 0
|r 2026-02-21 21:21:40
|w 2026-02-21
|
| 952 |
|
|
|t č. 27-39
|a SNK
|b SNK
|y PREZ
|7 0
|p 17A1556809
|o snkČSA 627/81/2024/3
|i snk2025/10105
|8 2
|z V č. 33 osobitná príloha Slovenské národné slávnosti
|0 0
|1 0
|4 0
|d 2025-06-25
|l 0
|r 2026-02-21 21:21:40
|w 2026-02-21
|
| 952 |
|
|
|t č. 40-52
|a SNK
|b SNK
|y PREZ
|7 0
|p 17A1556810
|o snkČSA 627/81/2024/4
|i snk2025/10106
|8 2
|z V č. 51-52 osobitná príloha Vianočný kaleidoskop
|0 0
|1 0
|4 0
|d 2025-06-25
|l 0
|r 2026-02-21 21:21:41
|w 2026-02-21
|
| 952 |
|
|
|a SNK
|b SNK
|y PREZ
|7 0
|p 17A0026858
|o snkČSA 627/4/1947
|0 0
|1 0
|4 0
|d 1997-01-13
|l 0
|r 2005-01-01 00:00:00
|w 2026-02-21
|
| 952 |
|
|
|t č. 1-14
|a SNK
|b SNK
|y PREZ
|7 0
|p 17A1433252
|o snkČSA 627/75/2018/1
|i snk2021/5360
|8 2
|0 0
|1 0
|4 0
|d 2021-05-21
|l 0
|r 2026-02-21 21:40:07
|w 2026-02-21
|
| 952 |
|
|
|t č. 15-26
|a SNK
|b SNK
|y PREZ
|7 0
|p 17A1433253
|o snkČSA 627/75/2018/2
|i snk2021/5362
|8 2
|0 0
|1 0
|4 0
|d 2021-05-21
|l 0
|r 2026-02-21 21:40:07
|w 2026-02-21
|
| 952 |
|
|
|t č. 27-39
|a SNK
|b SNK
|y PREZ
|7 0
|p 17A1433254
|o snkČSA 627/75/2018/3
|i snk2021/5374
|8 2
|0 0
|1 0
|4 0
|d 2021-05-21
|l 0
|r 2026-02-21 21:40:08
|w 2026-02-21
|
| 952 |
|
|
|t č. 40-52
|a SNK
|b SNK
|y PREZ
|7 0
|p 17A1433255
|o snkČSA 627/75/2018/4
|i snk2021/5375
|8 2
|0 0
|1 0
|4 0
|d 2021-05-21
|l 0
|r 2026-02-21 21:40:08
|w 2026-02-21
|
| 952 |
|
|
|t č. 29-54
|a SNK
|b SNK
|y PREZ
|7 0
|p 17A0636646
|o snkČSA 627/37/1980/2
|i snkV 2510/83
|8 2
|0 0
|1 0
|4 0
|d 2009-11-24
|l 0
|r 2026-02-21 21:41:39
|w 2026-02-21
|
| 952 |
|
|
|a SNK
|b SNK
|y PREZ
|7 0
|p 17A0026857
|o snkČSA 627/3/1946
|0 0
|1 0
|4 0
|d 1997-01-13
|l 0
|r 2005-01-01 00:00:00
|w 2026-02-21
|
| 952 |
|
|
|t č. 1-50
|a SNK
|b SNKPULT
|y PREZ
|7 0
|p 17A1023202
|o snkČSA 627/54/1997 D1
|i snkČV 2012/99
|0 0
|1 0
|4 0
|d 2013-11-12
|l 0
|r 2026-04-10 13:37:11
|w 2026-02-21
|
| 952 |
|
|
|t č. 10-51
|a SNK
|b SNKPULT
|y PREZ
|7 0
|p 17A1023200
|o snkČSA 627/53/1996 D1
|i snkČV 2012/99
|0 0
|1 0
|4 0
|d 2013-11-12
|l 0
|r 2026-04-10 13:37:16
|w 2026-02-21
|
| 952 |
|
|
|t č. 1-38
|a SNK
|b SNKPULT
|y PREZ
|7 0
|p 17A1023641
|o snkČSA 627/52/1995 D1
|i snkČV 1203/97
|0 0
|1 0
|4 0
|d 2013-11-12
|l 0
|r 2026-04-10 13:37:21
|w 2026-02-21
|
| 952 |
|
|
|t č. 1-53, neúplné
|a SNK
|b SNKPULT
|y PREZ
|7 0
|p 17A1023561
|o snkČSA 627/51/1994 D1
|i snkČV 560/96
|8 2
|z Sú č. 21, 25, 35, 43-44, 45, 46, 49-50, 51
|0 0
|1 0
|4 0
|d 2013-11-12
|l 0
|r 2026-04-10 13:37:28
|w 2026-02-21
|
| 952 |
|
|
|t č. 1-52, neúplné
|a SNK
|b SNKPULT
|y PREZ
|7 0
|p 17A1023205
|o snkČSA 627/49/1992 D1
|i snkČV 4281/94
|8 2
|z Chýba č. 1,4,20
|0 0
|1 0
|4 0
|d 2013-11-12
|l 0
|r 2026-04-10 13:34:19
|w 2026-02-21
|
| 952 |
|
|
|a SNK
|b SNKPULT
|y PREZ
|7 0
|p 17A1023500
|o snkČSA 627/56/1999 D1
|i snk2004/257
|8 2
|0 0
|1 0
|4 0
|d 2013-11-12
|l 0
|r 2026-04-10 13:35:24
|w 2026-02-21
|
| 952 |
|
|
|a SNK
|b SNKPULT
|y PREZ
|7 0
|p 17A1023261
|o snkČSA 627/55/1998 D1
|i snkČV 2009/99
|8 2
|0 0
|1 0
|4 0
|d 2013-11-12
|l 0
|r 2026-04-10 13:35:29
|w 2026-02-21
|
| 952 |
|
|
|t č. 1-26
|a SNK
|b SNK
|y PREZ
|7 0
|p 17A1315600
|o snkČSA 627/34/1977/1 D1
|i snkD 376/90
|8 1
|0 0
|1 0
|4 0
|d 2020-05-14
|l 0
|r 2026-02-21 21:53:09
|w 2026-02-21
|
| 952 |
|
|
|t č. 1-13 + 3 príl.
|a SNK
|b SNK
|y PREZ
|7 0
|p 17A1205154
|o snkČSA 627/72/2015/1
|i snk2017/4888
|8 2
|z Prílohy: č.1 - Interview; č. 3 - Športové riporty; č. 5 - Reportáže 2
|0 0
|1 0
|4 0
|d 2017-02-22
|l 0
|r 2026-02-21 21:55:45
|w 2026-02-21
|
| 952 |
|
|
|t č. 14-26
|a SNK
|b SNK
|y PREZ
|7 0
|p 17A1205155
|o snkČSA 627/72/2015/2
|i snk2017/4894
|8 2
|z Na obálke č. 14-15 je chybne uvedený dátum
|0 0
|1 0
|4 0
|d 2017-02-22
|l 0
|r 2026-02-21 21:55:45
|w 2026-02-21
|
| 952 |
|
|
|t č. 27-39
|a SNK
|b SNK
|y PREZ
|7 0
|p 17A1205156
|o snkČSA 627/72/2015/3
|i snk2017/4897
|8 2
|0 0
|1 0
|4 0
|d 2017-02-22
|l 0
|r 2026-02-21 21:55:45
|w 2026-02-21
|
| 952 |
|
|
|t č. 40-52
|a SNK
|b SNK
|y PREZ
|7 0
|p 17A1205157
|o snkČSA 627/72/2015/4
|i snk2017/4901
|8 2
|0 0
|1 0
|4 0
|d 2017-02-22
|l 0
|r 2026-02-21 21:55:45
|w 2026-02-21
|
| 952 |
|
|
|t č. 1-13
|a SNK
|b SNK
|y PREZ
|7 0
|p 17A1205158
|o snkČSA 627/72/2015/1 D1
|i snk2017/4920
|8 2
|0 0
|1 0
|4 0
|d 2017-02-22
|l 0
|r 2026-02-21 21:55:48
|w 2026-02-21
|
| 952 |
|
|
|t č. 14-26
|a SNK
|b SNK
|y PREZ
|7 0
|p 17A1205159
|o snkČSA 627/72/2015/2 D1
|i snk2017/4921
|8 2
|z Na obálke č. 14-15 je chybne uvedený dátum
|0 0
|1 0
|4 0
|d 2017-02-22
|l 0
|r 2026-02-21 21:55:48
|w 2026-02-21
|
| 952 |
|
|
|t č. 27-39
|a SNK
|b SNK
|y PREZ
|7 0
|p 17A1205160
|o snkČSA 627/72/2015/3 D1
|i snk2017/4923
|8 2
|0 0
|1 0
|4 0
|d 2017-02-22
|l 0
|r 2026-02-21 21:55:48
|w 2026-02-21
|
| 952 |
|
|
|t č. 40-52, neúplné
|a SNK
|b SNK
|y PREZ
|7 0
|p 17A1205161
|o snkČSA 627/72/2015/4 D1
|i snk2017/4926
|8 2
|z Chýba č. 49-52
|0 0
|1 0
|4 0
|d 2017-02-22
|l 0
|r 2026-02-21 21:55:48
|w 2026-02-21
|
| 952 |
|
|
|t č. 1-25, neúplné
|a SNK
|b SNK
|y PREZ
|7 0
|p 17A0787758
|o snkČSA 627/38/1981/1
|i snkV 2511/83
|8 2
|z Chýba č. 16
|0 0
|1 0
|4 0
|d 2018-11-09
|l 0
|r 2026-02-21 21:57:47
|w 2026-02-21
|
| 952 |
|
|
|t č. 28-52, neúplné
|a SNK
|b SNK
|y PREZ
|7 0
|p 17A0787824
|o snkČSA 627/42/1985/2
|i snkČV 4262/90
|8 2
|z Chýba č. 32
|0 0
|1 0
|4 0
|d 2018-11-09
|l 0
|r 2026-02-21 21:57:47
|w 2026-02-21
|
| 952 |
|
|
|t č. 26-52
|a SNK
|b SNK
|y PREZ
|7 0
|p 17A0787862
|o snkČSA 627/46/1989/2
|i snkČV 4206/90
|8 2
|0 0
|1 0
|4 0
|d 2018-11-09
|l 0
|r 2026-02-21 21:57:47
|w 2026-02-21
|
| 952 |
|
|
|t č. 1-51, neúplné
|a SNK
|b SNK
|y PREZ
|7 0
|p 17A1154176
|o snkČSA 627/29/1972 D1
|i snkV 3260/73
|8 2
|z Chýba č. 10, 34, 35, 43
|0 0
|1 0
|4 0
|d 2018-10-23
|l 0
|r 2026-02-21 21:58:05
|w 2026-02-21
|
| 952 |
|
|
|t č. 1-26, neúplné
|a SNK
|b SNK
|y PREZ
|7 0
|p 17A1190896
|o snkČSA 627/36/1979/1 D1
|i snkD 379/90
|8 1
|z Chýba č. 26
|0 0
|1 0
|4 0
|d 2018-11-08
|l 0
|r 2026-02-21 21:58:32
|w 2026-02-21
|
| 952 |
|
|
|t č. 1-26, neúplné
|a SNK
|b SNK
|y PREZ
|7 0
|p 17A0787885
|o snkČSA 627/56/1999/1
|z chýba č. 1,3, 14, 19
|0 0
|1 0
|4 0
|d 2016-02-10
|l 0
|r 2026-02-21 22:02:15
|w 2026-02-21
|
| 952 |
|
|
|t č. 26-50, neúplné
|a SNK
|b SNK
|y PREZ
|7 0
|p 17A0787893
|o snkČSA 627/38/1981/2
|i snkV 2512/83
|8 2
|z Chýba č.: 27, 51, 52
|0 0
|1 0
|4 0
|d 2019-06-20
|l 0
|r 2026-02-21 22:14:59
|w 2026-02-21
|
| 952 |
|
|
|t č. 1-13
|a SNK
|b SNK
|y NEVYP
|7 1
|p 17A1099071
|o snkČSA 627/71/2014/1
|i snk2016/11369
|8 2
|0 0
|1 0
|4 0
|d 2016-05-03
|l 0
|r 2026-02-21 22:16:48
|w 2026-02-21
|
| 952 |
|
|
|t č. 14-26
|a SNK
|b SNK
|y NEVYP
|7 1
|p 17A1099070
|o snkČSA 627/71/2014/2
|i snk2016/11371
|8 2
|0 0
|1 0
|4 0
|d 2016-05-03
|l 0
|r 2026-02-21 22:16:48
|w 2026-02-21
|
| 952 |
|
|
|t č. 27-39 + príl.
|a SNK
|b SNK
|y NEVYP
|7 1
|p 17A1099069
|o snkČSA 627/71/2014/3
|i snk2016/11372
|8 2
|z príloha v č. 39: Vreckové zbierky k 70. výročiu Hlasu ľudu - Komentáre a poznámky
|0 0
|1 0
|4 0
|d 2016-05-03
|l 0
|r 2026-02-21 22:16:48
|w 2026-02-21
|
| 952 |
|
|
|t č. 40-52 + 2 príl.
|a SNK
|b SNK
|y NEVYP
|7 1
|p 17A1099068
|o snkČSA 627/71/2014/4
|i snk2016/11373
|8 2
|z príloha v č. 45 : Vreckové zbierky k 70. výročiu Hlasu ľudu - Úvodníky; príloha v č. 47: Vreckové zbierky k 70. výročiu Hlasu ľudu - Reportáže 1
|0 0
|1 0
|4 0
|d 2016-05-03
|l 0
|r 2026-02-21 22:16:48
|w 2026-02-21
|
| 952 |
|
|
|t č. 1-14
|a SNK
|b SNK
|y PREZ
|7 0
|p 17A1328645
|o snkČSA 627/73/2016/1
|i snk2018/18755
|8 2
|0 0
|1 0
|4 0
|d 2018-09-17
|l 0
|r 2026-02-21 22:27:21
|w 2026-02-21
|
| 952 |
|
|
|t č. 15-26
|a SNK
|b SNK
|y PREZ
|7 0
|p 17A1328644
|o snkČSA 627/73/2016/2
|i snk2018/18756
|8 2
|0 0
|1 0
|4 0
|d 2018-09-17
|l 0
|r 2026-02-21 22:27:22
|w 2026-02-21
|
| 952 |
|
|
|t č. 27-39
|a SNK
|b SNK
|y PREZ
|7 0
|p 17A1328643
|o snkČSA 627/73/2016/3
|i snk2018/18757
|8 2
|0 0
|1 0
|4 0
|d 2018-09-17
|l 0
|r 2026-02-21 22:27:22
|w 2026-02-21
|
| 952 |
|
|
|t č. 40-52
|a SNK
|b SNK
|y PREZ
|7 0
|p 17A1328642
|o snkČSA 627/73/2016/4
|i snk2018/18759
|8 2
|0 0
|1 0
|4 0
|d 2018-09-17
|l 0
|r 2026-02-21 22:27:22
|w 2026-02-21
|
| 952 |
|
|
|t č. 1-13
|a SNK
|b SNK
|y PREZ
|7 0
|p 17A1343081
|o snkČSA 627/74/2017/1
|i snk2019/4818
|8 2
|0 0
|1 0
|4 0
|d 2019-02-20
|l 0
|r 2026-02-21 22:28:25
|w 2026-02-21
|
| 952 |
|
|
|t č. 14-26
|a SNK
|b SNK
|y PREZ
|7 0
|p 17A1343082
|o snkČSA 627/74/2017/2
|i snk2019/4819
|8 2
|0 0
|1 0
|4 0
|d 2019-02-20
|l 0
|r 2026-02-21 22:28:25
|w 2026-02-21
|
| 952 |
|
|
|t č. 27-39
|a SNK
|b SNK
|y PREZ
|7 0
|p 17A1343083
|o snkČSA 627/74/2017/3
|i snk2019/4820
|8 2
|0 0
|1 0
|4 0
|d 2019-02-20
|l 0
|r 2026-02-21 22:28:25
|w 2026-02-21
|
| 952 |
|
|
|t č. 40-52
|a SNK
|b SNK
|y PREZ
|7 0
|p 17A1343084
|o snkČSA 627/74/2017/4
|i snk2019/4822
|8 2
|0 0
|1 0
|4 0
|d 2019-02-20
|l 0
|r 2026-02-21 22:28:25
|w 2026-02-21
|
| 952 |
|
|
|t 1
|a SNK
|b SNK
|c SNK_KF
|y PREZ
|7 4
|p 17A1559363
|o snkČSA 627/82/2025/1
|i snk2026/4349
|h č. 1-13
|8 2
|0 0
|1 0
|2 udc
|4 0
|d 2026-03-25
|l 0
|r 2026-03-25 12:26:10
|w 2026-03-25
|
| 952 |
|
|
|t 1
|a SNK
|b SNK
|c SNK_KF
|y PREZ
|7 4
|p 17A1559364
|o snkČSA 627/82/2025/2
|i snk2026/4350
|h č. 14-26
|8 2
|z V č. 16-17 osobitná príloha: Veľkonočný kaleidoskop
|0 0
|1 0
|2 udc
|4 0
|d 2026-03-25
|l 0
|r 2026-03-25 12:36:10
|w 2026-03-25
|
| 952 |
|
|
|t 1
|a SNK
|b SNK
|c SNK_KF
|y PREZ
|7 4
|p 17A1559365
|o snkČSA 627/82/2025/3
|i snk2026/4360
|h č. 27-39
|8 2
|z V č. 33 osobitná príloha: Slovenské národné slávnosti
|0 0
|1 0
|2 udc
|4 0
|d 2026-03-25
|l 0
|r 2026-03-25 13:00:08
|w 2026-03-25
|
| 952 |
|
|
|t 1
|a SNK
|b SNK
|c SNK_KF
|y PREZ
|7 4
|p 17A1559366
|o snkČSA 627/82/2025/4
|i snk2026/4364
|h č. 40-52
|8 2
|z V č. 51-52 osobitná príloha: Vianočný kaleidoskop
|0 0
|1 0
|2 udc
|4 0
|d 2026-03-25
|l 0
|r 2026-03-25 13:11:12
|w 2026-03-25
|